Vocabulario de nombres de pila - Estadísticas

Estadísticas generales
  • Esta prueba ha sido intentada 23 veces
  • La puntuación promedio es 8 de 16
Estadísticas de respuestas
Definición Nombre % Correcto
Séptimo día de la semana Domingo
100%
Sufrimientos Dolores
95%
El que salva Salvador
91%
Estado de estar solo Soledad
86%
Ser sobrenatural (p. ej. Miguel o Gabriel) Ángel
77%
Agente físico que hace visibles los objetos Luz
68%
Rezo católico que conmemora veinte misterios de Jesucristo Rosario
55%
Una de las tres virtudes teologales Esperanza
50%
Una de las tres virtudes teologales Caridad
41%
Impregnación o fecundación Concepción
32%
Descanso y alivio de la pena Consuelo
23%
Descascarar los granos en el pilón Pilar
23%
Exactamente (adv.) Justo
18%
Yo ojeo; yo repaso Leo
18%
Miles de pesos (coloquialismo argentino, colombiano, uruguayo) Lucas
18%
Un integrante de la Orden de los Hermanos Menores Francisco
9%
No se encontraron pruebas coincidentes
Distribución de puntuación
Porcentaje de gente con cada puntuación
Porcentaje por número respondido
Historial de tus puntuaciones
No has intentado esta prueba.